000 00488nam a2200169Ia 4500
008 240729s9999 xx 000 0 und d
022 _a2393-1264
245 0 _aSocial Sciences and Education Research Review
260 _aRomania
260 _bEditura Sitech
650 _a Education (General) | Social Sciences
650 _a Social sciences (General)
650 _aEducation
856 _uhttps://doaj.org/toc/eaccefd5d41d4535a356a5053021abc1
942 _2ddc
942 _cDOAJEJ
999 _c71046
_d71046
945 _a1
_bMadushi Gamage
_c1
_dMadushi Gamage